00594nam a2200205Ia 450000500170000000800410001702000180005804100120007608200160008810000230010424500980012725000120022526000370023730000220027465000180029665000220031465000140033670000200035070000180037020260429112117.0260429s9999||||xx |||||||||||||| ||und|| a9781032526621 aEnglish a001.95bSON aSoni, Hemant Kumar 0aText and social media analytics for fake news and hate speech detection / cHemant Kumar Soni a1st ed. aBoca Raton : bCRC Press,c2025. axviii, 306 p.; hb a Social media a Speech detection aFake news a Sharma, Sanjiv a Sinha, G. R.